Statistics for Houston Rockets Head Coaches by Picture

Click here to take the quiz!

General Stats

  • This quiz has been taken 7 times
  • The average score is 10 of 16

Answer Stats

Answer% Correct
Don Chaney
83%
Ime Udoka
83%
Jeff Van Gundy
83%
Kevin McHale
83%
Mike D'Antoni
83%
Rudy Tomjanovich
83%
Bill Fitch
67%
Del Harris
67%
Rick Adelman
67%
Stephen Silas
67%
J. B. Bickerstaff
50%
Alex Hannum
33%
Tex Winter
33%
Tom Nissalke
33%
Jack McMahon
17%
Johnny Egan
17%

Score Distribution

Percentile by Number Answered

Percent of People with Each Score

Your Score History

You have not taken this quiz